Quiz on JetPunk Users - Statistics

General Stats
  • This quiz has been taken 48 times
  • The average score is 13 of 58
Answer Stats
ANSWER % Correct
United States
87%
United Kingdom
76%
United Kingdom
76%
London
63%
London
63%
Italy
61%
Stewart
48%
Australia
46%
Rome
43%
Rome
43%
Scambigol
43%
Serbia (Yugoslavia)
43%
Soccer/football
39%
Soccer/football
39%
Russia
37%
Jerry928
35%
Scambigol
35%
Giovanni
33%
Belgrade
30%
Belgrade
30%
Jeremy
30%
Birmingham
26%
Basketball
24%
AS Roma
20%
Beatles
20%
Greece
17%
Manchester United
17%
Cricket
15%
Иван (Ivan)
15%
Aman/Arun
13%
Iceland
13%
NE Patriots
11%
Pasta
11%
Philadelphia
11%
Red Star Belgrade (Crvena Zvezda)
11%
Spaghetti Bolognese
11%
Bali, Indonesia
9%
Bear, DE
7%
Metallica
7%
Saharan sand dunes in south Morocco (watched sunrise sitting on top of dune)
7%
Worcester
7%
Bengals
4%
Faroe Islands, Greenland, Niue, Palestine
4%
Globe Grid by ThirdParty
4%
Green Day
4%
Orlando
4%
Badminton
2%
Cheesesteak
2%
Countries Breakdown series
2%
Flags of the World Quiz
2%
Kiwirage
2%
Liechtenstein
2%
St Martin
2%
Train
2%
World map 30x32 puzzle
2%
Nachos
0%
Random capital to country
0%
Sting
0%
No matching quizzes found
Score Distribution
Percent of People with Each Score
Percentile by Number Answered
Your Score History
You have not taken this quiz